000 00223nam a22000857a 4500
008 170603b xxu||||| |||| 00| 0 eng d
100 _93225
_aBronte. E
245 _aWithering Heights
260 _aNew Delhi
_bVikas Publication
_c2004
999 _c6539
_d6539